[Event "Moscow Aeroflot op-A"]
[Site "Moscow"]
[Date "2004.02.18"]
[Round "2"]
[White "Yurtaev, Leonid"]
[Black "Carlsen, Magnus"]
[Result "0-1"]
[WhiteElo "2527"]
[BlackElo "2484"]
[Annotator "Ftacnik,L"]
[PlyCount "74"]
[EventDate "2004.02.17"]
[EventType "swiss"]
[EventRounds "9"]
[EventCountry "RUS"]
[SourceTitle "CBM 100"]
[Source "ChessBase"]
[SourceDate "2004.06.01"]
[SourceVersion "1"]
[SourceVersionDate "2004.06.01"]
[SourceQuality "1"]

1. e4 c5 2. Nf3 d6 3. d4 cxd4 4. Nxd4 Nf6 5. Nc3 a6 6. Be2 e5 7. Nb3 Be7 8. O-O
O-O 9. f4 b5 10. Bf3 Bb7 11. fxe5 dxe5 (11... Qb6+ 12. Qd4 Qxd4+ 13. Nxd4 dxe5
14. Nf5 Bb4 15. Bg5 Nbd7 16. Rad1 h6 17. Bd2 Rfd8 18. Rfe1 Nb6 19. Ne3 Bc5 {
0-1 Saastamoinen,A-Tyni,J/Tampere 1989/ (35)}) 12. Qxd8 {Yurtaev simplifies
into an endgame, in which he keeps the slight initiative due to the better
developed pieces.} (12. a3 Nbd7 13. Kh1 Qc7 14. Qe1 Rac8 15. Bd2 Nb6 16. Na5
Ba8 17. Qg3 Kh8 18. Rad1 h6 19. Bg4 Rcd8 20. Bf5 Nh7 21. Bxh7 Kxh7 22. Qg4 Qc8
{0-1 Wolter,K-Heinemann,T/Muenster 1992/ (40)}) 12... Rxd8 (12... Bxd8 13. Be3
Nbd7 14. Rad1 Rc8 $11) 13. Na5 Bc8 14. Nd5 (14. Be3 Bb4 15. Bb6 Rd6 16. Rad1
Nbd7 $11) 14... Nxd5 15. exd5 Bc5+ 16. Kh1 Bb6 (16... f5 $1 17. Bg5 Re8 18.
Rad1 Bb6 19. Nb3 Nd7 $11) 17. Bd2 Bf5 (17... f5 18. c4 e4 19. Be2 $11) 18. c4 (
18. Rae1 $1 f6 (18... Bxc2 19. Rxe5 Nd7 20. Re7 Nf6 21. Nb7 Rd7 22. d6 $16) 19.
d6 e4 20. Bxe4 (20. Rxe4 Bxe4 21. Bxe4 Ra7 22. Bd5+ Kf8 23. Bb4 Rad7 24. c4
Bxa5 25. Bxa5 Rxd6 26. Bb4 a5 27. Bxd6+ Rxd6 $11) 20... Bxe4 21. Rxe4 Rxd6 22.
Bb4 Rd7 23. Re8+ Kf7 24. Rfe1 Rda7 $11) 18... Bd3 19. Rfe1 Nd7 20. Rac1 $6 {
White is still ambitious, but he probably should have worried about equality.}
(20. Nc6 bxc4 (20... Re8 21. d6 Bf2 22. Nxe5 Bxe1 23. Rxe1 Rxe5 24. Rxe5 Nxe5
25. Bxa8 Bxc4 26. b3 $16) 21. Nxd8 Rxd8 22. Bc3 Bf2 23. Rxe5 Nxe5 24. Bxe5 Bc5
$11) 20... Re8 (20... Bf2 $1 21. d6 (21. Red1 e4 $17) 21... Bxe1 22. Rxe1 bxc4
23. Bxa8 Rxa8 24. Rc1 $15) 21. b3 (21. Be2 Bxa5 22. Bxa5 bxc4 $17) 21... e4 22.
Be2 Bf2 $1 (22... Ne5 $2 23. c5 $1 e3 24. Bb4 Bxa5 (24... Bxe2 25. cxb6 Nd3 26.
Nc6 Nxc1 27. b7 Rab8 28. Nxb8 Rxb8 29. Rxc1 Bg4 30. h3 Bf5 31. g4 $18) 25. Bxa5
Bxe2 26. Rxe2 Nd3 27. Rc3 Nf4 28. Rexe3 Nxd5 29. Rxe8+ Rxe8 30. Rd3 $14) (22...
Nc5 23. Nc6 Bxe2 24. Rxe2 Nd3 25. Rf1 $11) 23. Rf1 e3 $1 {[%mdl 64] Suddenly
Carlsen is so active, that he can afford small combination aiming at the
dislocated knight on a5.} 24. Bxd3 (24. Bxe3 Bxe2 25. Bxf2 Bxf1 26. Rxf1 Re2
$17) 24... exd2 25. Rcd1 Re1 26. Rxd2 (26. g4 Ne5 27. Rxd2 Nxd3 28. Kg2 Rxf1
29. Kxf1 Be1 30. Rxd3 Bxa5 31. c5 Bb4 32. c6 Bd6 $17) 26... Rxf1+ 27. Bxf1 Be1
28. Rd1 (28. Rb2 Bxa5 29. b4 Bd8 30. cxb5 a5 $17) 28... Bxa5 29. cxb5 axb5 30.
Bxb5 Rd8 {White is left with two pawns for the piece, but no real chance for
successful resistance.} 31. d6 Kf8 32. g3 (32. a3 Nf6 33. d7 Bc3 34. Rd3 Be5
35. Kg1 Ke7 $19) 32... Nf6 33. d7 Ke7 34. a3 Nxd7 35. b4 Ne5 36. Rxd8 (36. Re1
Bc7 37. a4 Rd4 38. Rb1 Bd6 $19) 36... Bxd8 37. a4 Kd6 0-1

[Event "Moscow Aeroflot op-A"]
[Site "Moscow"]
[Date "2004.02.23"]
[Round "7"]
[White "Volokitin, Andrei"]
[Black "Carlsen, Magnus"]
[Result "1-0"]
[WhiteElo "2594"]
[BlackElo "2484"]
[Annotator "Ftacnik,L"]
[PlyCount "55"]
[EventDate "2004.02.17"]
[EventType "swiss"]
[EventRounds "9"]
[EventCountry "RUS"]
[SourceTitle "CBM 100"]
[Source "ChessBase"]
[SourceDate "2004.06.01"]
[SourceVersion "1"]
[SourceVersionDate "2004.06.01"]
[SourceQuality "1"]

1. e4 c5 2. Nf3 d6 3. d4 cxd4 4. Nxd4 Nf6 5. Nc3 a6 6. Bc4 b5 7. Bb3 e6 8. Qf3
Qc7 9. g4 b4 10. g5 Nfd7 (10... bxc3 $5 11. gxf6 Nd7 12. fxg7 Bxg7 13. Qxc3
Qxc3+ 14. bxc3 Nc5 15. f3 Be5 $13) 11. Na4 Nc6 12. Be3 Na5 (12... Bb7 13. O-O-O
$36) 13. O-O-O $6 {Volokitin plays extremely aggressive chess as befits young
player, but sometimes the chosen set up just doesn't yeld results.} (13. O-O
Ne5 14. Qe2 Bb7 15. Nb6 Rb8 (15... Qxb6 16. Ba4+ $18) 16. Ba4+ Kd8 17. Nf3 Nec4
$13) 13... Bb7 14. Bd2 (14. Kb1 Nxb3 15. cxb3 d5 16. Qh5 Qe5 $17) 14... Nxb3+ (
14... d5 15. Qh3 Nxb3+ 16. Qxb3 Rc8 $17) 15. Qxb3 Be7 {Carlsen avoids direct
danger, but 15...e5! might have been a refutation of white ideas.} (15... e5 $1
16. Ne2 Bxe4 17. f3 Bc6 18. Bxb4 Rb8 $19) (15... Bxe4 16. Nxe6 Qxc2+ 17. Qxc2
Bxc2 18. Nxg7+ Bxg7 19. Kxc2 Rc8+ 20. Kb3 $14) 16. Bxb4 Bxe4 $2 (16... Bxg5+
17. Kb1 Be7 18. f3 Rb8 $13) 17. Rhe1 $1 {All white pieces are in active
positions (with a small exception of knight a4), the situation is critical for
black.} Bd5 (17... Bxg5+ 18. Kb1 d5 (18... Bg6 19. Bxd6 $16) 19. f3 Bh4 (19...
Bg6 20. Qxd5 $18) 20. fxe4 Bxe1 21. Rxe1 dxe4 22. Nxe6 fxe6 23. Qxe6+ Kd8 24.
Rd1 $18) (17... Bg6 18. f4 Rc8 19. f5 exf5 (19... Bh5 20. g6 hxg6 21. fxe6 $18)
20. Nb5 axb5 21. Bxd6 O-O (21... Qxc2+ 22. Qxc2 Rxc2+ 23. Kxc2 bxa4 24. Rxe7+
Kd8 25. Ba3 f4+ 26. Kc3 Bf5 27. Rxf7 $18) 22. Bxc7 Bxg5+ 23. Kb1 bxa4 24. Qxa4
$18) 18. Qg3 O-O (18... Rb8 19. Ba3 g6 20. Nc3 Ba8 (20... Nb6 21. Nxd5 Nxd5 22.
Nxe6 fxe6 23. Rxd5 $16) 21. Nxe6 fxe6 22. Bxd6 Bxd6 23. Rxe6+ Kd8 24. Rexd6 Bc6
25. Rxc6 $18) 19. Nf5 $1 exf5 (19... Bd8 20. Bxd6 Qb7 21. Nc3 Bf3 22. Rd3 exf5
23. Bxf8 Nxf8 24. Qxf3 Bxg5+ 25. Kb1 $18) 20. Rxe7 Qc4 (20... Rfc8 21. Nc3 Be6
22. Qxd6 Qc4 23. b3 Qg4 24. Nd5 $18) 21. Qxd6 {It becomes obvious, that black
has failed in the defensive task.} Be6 (21... Bc6 22. b3 Qb5 23. c4 Qb7 24. Bc3
$18) 22. b3 Qh4 23. Rxe6 fxe6 24. Qxe6+ Kh8 (24... Rf7 25. Rxd7 Qxg5+ 26. Kb2
$18) 25. Be7 $1 {Very fine move that underlines the hopless location of knight
d7.} (25. Bxf8 Qxg5+ 26. Qe3 Qxe3+ 27. fxe3 Nxf8 28. Nc5 $16) 25... Qxf2 26.
Qxd7 Rfe8 27. Bc5 Qh4 28. Qxf5 1-0

[Event "Reykjavik rapid"]
[Site "Reykjavik"]
[Date "2004.03.18"]
[Round "1.1"]
[White "Carlsen, Magnus"]
[Black "Kasparov, Garry"]
[Result "1/2-1/2"]
[WhiteElo "2484"]
[BlackElo "2831"]
[Annotator "Skripchenko,A"]
[PlyCount "103"]
[EventDate "2004.03.18"]
[EventType "k.o. (rapid)"]
[EventRounds "4"]
[EventCountry "ISL"]
[SourceTitle "CBM 100"]
[Source "ChessBase"]
[SourceDate "2004.06.01"]
[SourceVersion "1"]
[SourceVersionDate "2004.06.01"]
[SourceQuality "1"]

1. d4 {Carlsen probably wants to avoid the Najdorf against Kasparov.} d5 2. c4
c6 3. Nf3 Nf6 4. Nc3 e6 5. Bg5 Nbd7 (5... dxc4 {The Botvinnik System is the
sharpest line available here. Is Kasparov afraid to play something as
dangerous as this against a child who calculates like a computer?}) 6. e3 Qa5 {
Kasparov plays the Cambridge Springs, which is not as volatile as theBotvinnik.
} 7. Nd2 Bb4 8. Qc2 O-O 9. Be2 e5 10. O-O exd4 11. Nb3 Qb6 12. exd4 dxc4 13.
Bxc4 a5 14. a4 Qc7 15. Rae1 h6 16. Bh4 Bd6 17. h3 Nb6 (17... g5 $2 {is met by}
18. Qg6+ {:-)}) 18. Bxf6 Nxc4 19. Ne4 Bh2+ (19... Be6 20. Nxd6 Nxd6 {is
actually better than what happened in the game}) 20. Kh1 Nd6 21. Kxh2 Nxe4+ 22.
Be5 Nd6 23. Qc5 (23. d5 Rd8 24. Nd4 {wins a pawn, because} Bd7 {loses to} 25.
Nb5) 23... Rd8 24. d5 Qd7 25. Nd4 Nf5 26. dxc6 bxc6 27. Nxc6 Re8 28. Rd1 Qe6
29. Rfe1 Bb7 30. Nd4 ({The kid has Kasparov sweating, but he sees that after} 
30. Nxa5 {there are enormous complications arising from} Bxg2 {When you are a
pawn up against the world's strongest player you do not want to give him this
kind of counterplay, but rather to simplify the position and win in the
endgame :-)}) 30... Nxd4 31. Qxd4 Qg6 32. Qg4 ({When you are a pawn up and
have opposite colour bishops it is usually better to keep the queens on the
board. I would have have played} 32. f3) 32... Qxg4 33. hxg4 Bc6 34. b3 f6 35.
Bc3 Rxe1 36. Rxe1 Bd5 37. Rb1 Kf7 38. Kg3 Rb8 39. b4 axb4 40. Bxb4 Bc4 41. a5
Ba6 42. f3 Kg6 43. Kf4 h5 44. gxh5+ Kxh5 45. Rh1+ Kg6 46. Bc5 Rb2 47. Kg3 Ra2
48. Bb6 Kf7 49. Rc1 g5 50. Rc7+ (50. Bd8 $1 Bb5 51. Rd1 Bc4 52. Rd6 Bf1 53. f4
Rxg2+ 54. Kf3 gxf4 (54... g4+ $2 55. Ke4 Re2+ 56. Kf5 g3 57. Rxf6+ Ke8 58. Bb6
{gives White chances to win.}) 55. Rxf6+ Ke8 56. Bc7 Ra2 57. Rxf4 Kd7 58. Bb6 {
is still a draw, but with a little more suffering for Black.}) 50... Kg6 51.
Rc6 Bf1 52. Bf2 {Kasparov was actually lucky to escape with a draw against the
13-year-old Norwegian wunderkind.} 1/2-1/2

[Event "Reykjavik rapid"]
[Site "Reykjavik"]
[Date "2004.03.18"]
[Round "1.2"]
[White "Kasparov, Garry"]
[Black "Carlsen, Magnus"]
[Result "1-0"]
[WhiteElo "2831"]
[BlackElo "2484"]
[Annotator "Avrukh,B"]
[PlyCount "63"]
[EventDate "2004.03.18"]
[EventType "k.o. (rapid)"]
[EventRounds "4"]
[EventCountry "ISL"]
[SourceTitle "CBM 100"]
[Source "ChessBase"]
[SourceDate "2004.06.01"]
[SourceVersion "1"]
[SourceVersionDate "2004.06.01"]
[SourceQuality "1"]

1. c4 Nf6 2. Nc3 g6 3. e4 d6 4. d4 Bg7 5. Nf3 O-O 6. Be2 e5 7. Be3 exd4 8. Nxd4
c6 9. f3 Re8 10. Bf2 d5 11. exd5 cxd5 12. c5 Nc6 13. O-O Nh5 14. Qd2 Be5 15. g3
Bh3 $6 (15... Ng7) 16. Rfe1 $1 {In my opinion White's best option, since he
has the free d1-square for the second rook.} (16. Rfd1 Nf6 17. Bb5 Rc8 $13 {
Illescas-Smirin 2001}) 16... Ng7 (16... Nf6 17. Rad1 Rc8 18. a3 {[%cal Gb2b4]}
h5 19. Kh1 Bb8 (19... h4 $2 20. g4 $16 {[%csl Gh3]}) 20. b4 a5 21. Nxc6 Rxc6 (
21... bxc6) 22. Bb5 Rxe1+ 23. Rxe1 Rc8 24. Bd4 $16 {1-0 Roiz,M-Ahn,M/
Chalkidiki 2002/CBM 92 (27)}) 17. Rad1 $1 $146 {This logical continuation
clearly improves on White's play. Previously has been tried only:} (17. Bb5 Rc8
18. Rad1 Nxd4 $1 19. Bxd4 Bxd4+ 20. Qxd4 Rxe1+ 21. Rxe1 Ne6 22. Qxd5 Qxd5 23.
Nxd5 Rxc5 24. Nc3 $11 {1/2-1/2 Taimanov,M-Stein,L/Tallinn 1965/URS-ch (43)})
17... Rc8 $6 (17... Ne6 18. Nxe6 (18. Ndb5 $143 {[%csl Gd5]} d4 (18... a6 $2
19. Nd6 $1 Bxd6 20. cxd6 Qxd6 21. Qh6 Bf5 22. Nxd5 $16 {[%csl Gf6]}) 19. Ne4 a6
(19... Re7 20. Bc4 $36) 20. Nbd6 Nxc5 21. Nxe8 Nxe4 22. fxe4 Qxe8 $44) 18...
Bxe6 (18... fxe6 19. f4 Bg7 20. g4 {[%csl Gh3]} (20. Nb5 $16 {[%csl Gd6][%cal
Gb5d6]}) 20... d4 21. Ne4 Qd5 22. Bf3 $18) 19. f4 (19. Nxd5 Bxd5 20. Qxd5 Qxd5
21. Rxd5 Bxb2 22. Kf1) 19... Bxc3 20. Qxc3 {[%cal Gb2b4,Gb4b5] with much
better chances for White.}) ({Maybe} 17... Be6 {was the most playable
opportunity}) 18. Ndb5 $1 $16 {[%csl Gd5] Garry has placed his pieces on the
best squares and now it's exactly the right moment to start a serious
offensive.} a6 (18... d4 19. Ne4 {[%csl Gd6][%cal Gb5d6]} Nf5 20. Ng5 $18 {
[%csl Gh3]}) 19. Nd6 Bxd6 20. cxd6 d4 (20... Qxd6 21. Nxd5 {[%csl Gf6,Rh3]
[%cal Gg3g4] strangely enough Black cannot avoid material loses:} Ne7 22. Nxe7+
Qxe7 23. Bb5 $1 $18 {[%cal Ge1e7]}) 21. Ne4 Bf5 22. d7 $1 {Immediately wins
material.} Bxd7 (22... Qxd7 $2 23. Nf6+) 23. Bxd4 Nxd4 (23... Rxe4 24. fxe4 Be6
{was maybe more stubborn, but White's win is just a matter of time, since
Black has no compensation for the exchange.}) 24. Qxd4 Nf5 25. Qxd7 $18 Qb6+
26. Kh1 Red8 27. Qa4 Rxd1 28. Qxd1 Qxb2 29. Qb1 Rc2 30. Qxb2 Rxb2 31. Bc4 Nd4
32. Re3 1-0

[Event "Dubai op 6th"]
[Site "Dubai"]
[Date "2004.04.20"]
[Round "2"]
[White "Carlsen, Magnus"]
[Black "Deepan Chakkravarthy, J."]
[Result "1-0"]
[WhiteElo "2552"]
[BlackElo "2331"]
[Annotator "Postny,E"]
[PlyCount "39"]
[EventDate "2004.04.19"]
[EventType "swiss"]
[EventRounds "9"]
[EventCountry "UAE"]
[SourceTitle "CBM 101"]
[Source "ChessBase"]
[SourceDate "2004.07.27"]
[SourceVersion "1"]
[SourceVersionDate "2004.07.27"]
[SourceQuality "1"]

1. e4 c5 2. Nf3 Nc6 3. Nc3 Nf6 4. Bb5 e5 {Relatively rare and risky line.} ({
More popular continuations are:} 4... Nd4) (4... Qc7) (4... g6) 5. Bxc6 {
The best reaction. In other cases black has easy equality.} (5. O-O d6 6. d3
Be7 7. h3 O-O 8. Bc4 h6 9. a3 Re8 10. Nh2 Be6 $11 {0-1 Morozevich,A-Kramnik,V/
Frankfurt 2000/CBM 78 (45)}) 5... dxc6 6. Nxe5 (6. h3 Nd7 7. d3 {--> 1-0
Nizamov,I-Sitnikov,D/St Petersburg 1999/CBM 71 [Smirin] (49)}) 6... Nxe4 7.
Nxe4 (7. Qh5 $6 Nd6 8. Ne4 g6 9. Qe2 Nxe4 10. Qxe4 Qd5 11. d3 Bf5 12. Qxd5 cxd5
$15 {0-1 Brkljaca,A-Kontic,D/Becici 1993/EXT 2000 (34)}) 7... Qd4 8. O-O (8. d3
Qxe5 9. f4 Qd5 10. Qe2 Be7 11. c4 Qd8 12. O-O O-O 13. f5 $14 {[%csl Rc8] 1-0
Glek,I-Kupreichik,V/Germany 2000/CBM 80 [Glek] (51)}) (8. Qe2 Qxe5 9. f4 Qxf4 (
9... Qe7 10. f5 g6 11. f6 Qe5 12. d3 Bf5 13. Bd2 O-O-O 14. Bc3 Qe6 15. O-O c4
$132 {1/2-1/2 Gruenfeld,Y-Blanco,C/Philadelphia 2001/EXT 2002 (45)}) (9... Qe6
10. f5 Qe5 11. O-O Be7 12. d3 O-O 13. Qf2 f6 14. g4 c4 $13 {1-0 Pridorozhni,
A-Smirnov,P/Tomsk 1999/EXT 2001 (33)}) 10. d4 (10. Nf6+ Kd8 11. Qe8+ Kc7 12.
Qxf7+ Kd8 13. Qe8+ Kc7 14. Qf7+ Kd8 15. Qe8+ {1/2-1/2 Korneev,O-Murey,J/Paris
1995/EXT 97 (15)}) 10... Qh4+ 11. g3 Qe7 12. O-O f5 13. Nd6+ Kd7 14. Qxe7+ Bxe7
15. dxc5 Bxd6 16. Rd1 Ke8 17. cxd6 Be6 18. Bg5 Kd7 $11 {1/2-1/2 Anand,
V-Kramnik,V/Monte Carlo 2003/CBM 93 ext (40)}) 8... Qxe5 9. d4 $1 {Sacrificing
a pawn for a quick development.} (9. d3 Be7 10. Bd2 O-O 11. Bc3 Qc7 12. Qh5 $14
{1-0 Georgiev,K-Popadic,D/Budva 2003/CBM 96 ext (54)}) 9... cxd4 $6 {
Considering what happened in the game later, probably black should capture
with the queen.} (9... Qxd4 10. Qf3 Be7 11. Bg5 f6 12. Rad1 Qxb2 13. Nd6+ Bxd6
14. Rfe1+ Kf7 15. Rxd6 Rf8 16. c3 Kg8 17. Bxf6 Bd7 18. Rxd7 Rxf6 19. Qg3 Rg6
20. Qd3 Rf6 $11 {0-1 Ovetchkin,R-Kokarev,D/Voronezh 2003/CBM 94 ext (34)}) 10.
Re1 Be6 11. Bg5 $1 $146 {[%csl Re5][%cal Ge4f6][%mdl 136] Strong improvement.
White simply prevents from black queenside castling and it's very hard (if
possible at all) for black to neutralize white's initiative. White's
development advantage is quite significant.} (11. Ng5 Qd5 12. Qg4 Kd7 13. Nxe6
fxe6 14. Be3 c5 15. Rad1 h5 16. Qg6 Qf5 17. Qxf5 exf5 18. c3 Bd6 19. cxd4 c4
$15 {0-1 Ristic,N-Kovacevic,P/Igalo 1994/EXT 2002 (41)}) 11... Be7 {Black is
already ready to give up his queen.} ({In case of} 11... Qd5 12. Bf6 $1 $36 {
is very unpleasant for black. For example:} c5 13. c3 d3 14. c4 $1 Qxc4 $140
15. Bxg7 $1 $18) 12. f4 $1 {Remarkable move. Magnus refrains from capturing
the queen and correctly playing for the attack, which appears to be far
stronger than expected...} (12. Nf6+ Bxf6 13. Rxe5 Bxe5 14. f4 Bc7 15. f5 {
is in white's favour as well.}) 12... Qd5 (12... Qc7 13. Bxe7 Kxe7 14. Qxd4 Qb6
15. Nc5 Rhd8 16. Rxe6+ fxe6 17. Qxg7+ {with decisive attack.}) 13. Bxe7 Kxe7 {
[%tqu "En","How should white continue?","","","f4f5","This is obvious, so no
exclamation mark...",5]} 14. f5 {This is obvious, so no exclamation mark...}
Qxf5 15. Qxd4 {Black's extra pawn does not help him to parry white's threats.}
Qd5 (15... Rhd8 16. Qb4+ Ke8 17. Rad1 $18) 16. Qb4+ c5 17. Nxc5 a5 18. Qa3 Qd4+
19. Kh1 Qb4 20. Qe3 {Black resigned in view of inevitable destruction of his
position.} 1-0

[Event "Dubai op 6th"]
[Site "Dubai"]
[Date "2004.04.21"]
[Round "3"]
[White "Al Hadarani, Hatim"]
[Black "Carlsen, Magnus"]
[Result "0-1"]
[WhiteElo "2356"]
[BlackElo "2552"]
[Annotator "Postny,E"]
[PlyCount "60"]
[EventDate "2004.04.19"]
[EventType "swiss"]
[EventRounds "9"]
[EventCountry "UAE"]
[SourceTitle "CBM 101"]
[Source "ChessBase"]
[SourceDate "2004.07.27"]
[SourceVersion "1"]
[SourceVersionDate "2004.07.27"]
[SourceQuality "1"]

1. e4 c5 2. Nf3 Nc6 3. Bb5 g6 4. O-O Bg7 5. Re1 Nf6 6. c3 ({Solid alternative
is} 6. e5 Nd5 7. Nc3) 6... O-O 7. d4 d5 8. exd5 {Black is doing fine in this
opening line.} ({The alternative} 8. e5 {is more promising for white.}) 8...
Qxd5 9. c4 Qd6 10. d5 $6 {After this move white is already worse!} (10. dxc5
Qxd1 11. Rxd1 Ne4 $132 {1-0 Ricardi,P-Kotronias,V/Yerevan 1996/EXT 97 (81)})
10... Nd4 $1 (10... Na5 $6 11. Na3 a6 12. Ba4 b5 13. cxb5 Nxd5 14. Bg5 Rd8 15.
Rb1 axb5 16. Nxb5 Qb6 17. Qe2 Nc6 18. Bb3 Bg4 19. h3 Bxf3 20. Qxf3 $14 {
Anand,V-Kramnik,V/Moscow 1994/CBM 40 ext (71)}) 11. Nxd4 cxd4 12. h3 $6 (12.
Qxd4 $6 Ng4 13. Qf4 Qxf4 14. Bxf4 Bxb2 $17 {1/2-1/2 Novik,M-Pantev,V/Sofia
1994/TD (51)}) ({Objectively better is} 12. Nd2 a6 (12... e5 13. Ba4 Bf5 $15 {
0-1 Cozianu,C-Grigore,G/Bucharest 1994/EXT 98 (40)}) 13. Ba4 b5 14. Bb3 Bb7 15.
cxb5 axb5 16. Nf3 Nxd5 17. Nxd4 Rfd8 18. Nf3 h6 $15 {0-1 Speelman/NN-Kasparov/
Short/London 1993/EXT 2002 (48)}) 12... a6 13. Ba4 b5 {Breaking white's pawns
chain in the centre black gets a big advantage.} 14. cxb5 axb5 15. Bxb5 (15.
Bb3 Nxd5 16. Bxd5 Qxd5 17. Rxe7 Be6 $19 {[%csl Re7]}) 15... Qxd5 16. a4 (16.
Be2 {--> 0-1 Gubanov,A-Svidler,P/St Petersburg 1995/CBM 47 [Svidler] (27)})
16... Bb7 17. Bf1 e5 {Black achieved a dream from the opening. His control
over the centre is absolute. It's curious that all this already appeared in
practice...} 18. b4 $146 (18. Na3 $142 $17 {1-0 De Andrade,W-Coelho,L/Brasilia
2001/CBM 80 ext (35)}) 18... e4 {A picturesque position. All white's pieces
are on the back rank, while he tries (for no avail) to push forward his
queenside passed pawns...} 19. b5 Nd7 20. Ra3 $6 (20. Bb2 {was the least of
the evils, but black is dominating in any case.}) 20... d3 21. Nd2 f5 {The
rest of the game is rather pointless, but black definitely enjoyed every
moment of it...} 22. Qb3 Rfc8 23. Qxd5+ Bxd5 24. a5 Bf8 25. Ra4 Nb6 26. Ra1 Bb4
{Big material losses are inevitable for white.} 27. a6 Rc2 28. Rd1 Bc3 29. Ra3
Rxc1 30. Rxc1 Bxd2 0-1